Phép tính vi phân và tích phân: T2

Αποθηκεύτηκε σε:
Λεπτομέρειες βιβλιογραφικής εγγραφής
Κύριος συγγραφέας: Phép tính vi phân và tích phân: T2
Μορφή: Βιβλίο
Γλώσσα:Undetermined
Έκδοση: Hà Nội Giáo dục 1971
Θέματα:
Ετικέτες: Προσθήκη ετικέτας
Δεν υπάρχουν, Καταχωρήστε ετικέτα πρώτοι!
Thư viện lưu trữ: Trung tâm Học liệu Trường Đại học Cần Thơ
LEADER 00660nam a2200181Ia 4500
001 CTU_1345
008 210402s9999 xx 000 0 und d
082 |a 515.3 
082 |b P677/T2 
100 |a Phép tính vi phân và tích phân: T2 
245 0 |a Phép tính vi phân và tích phân: T2 
245 0 |c Phép tính vi phân và tích phân: T2; Dịch giả: Trần Tráng 
260 |a Hà Nội 
260 |b Giáo dục 
260 |c 1971 
650 |a calculus, differential,calculus, integralcalculus, differential 
904 |i Nguyễn Quang Điền, 960601 
980 |a Trung tâm Học liệu Trường Đại học Cần Thơ